| Tag |
First Indicator |
Second Indicator |
Subfields |
| LEADER |
00000cam a22000004a 4500 |
| 001 |
in00002082921 |
| 005 |
20151102132056.0 |
| 008 |
041028s2005 nyu ab b 001 0 eng |
| 010 |
|
|
|a 2004061861
|
| 020 |
|
|
|a 0824727711 (alk. paper)
|
| 035 |
|
|
|a (OCoLC)ocm56924650
|
| 040 |
|
|
|a DLC
|c DLC
|d TXA
|d UtOrBLW
|
| 042 |
|
|
|a pcc
|
| 049 |
|
|
|a TXAM
|
| 050 |
0 |
0 |
|a QC929.24
|b .D75 2005
|
| 082 |
0 |
0 |
|a 363.34/9297
|2 22
|
| 245 |
0 |
0 |
|a Drought and water crises :
|b science, technology, and management issues /
|c edited by Donald A. Wilhite.
|
| 264 |
|
1 |
|a Boca Raton, Fla. :
|b Taylor & Francis,
|c 2005.
|
| 300 |
|
|
|a xxiv, 406 pages :
|b illustrations, maps ;
|c 24 cm.
|
| 336 |
|
|
|a text
|b txt
|2 rdacontent
|
| 337 |
|
|
|a unmediated
|b n
|2 rdamedia
|
| 338 |
|
|
|a volume
|b nc
|2 rdacarrier
|
| 504 |
|
|
|a Includes bibliographical references and index.
|
| 650 |
|
0 |
|a Droughts.
|
| 650 |
|
0 |
|a Water-supply
|x Risk assessment.
|
| 700 |
1 |
|
|a Wilhite, Donald A.
|
| 948 |
|
|
|a cataloged
|b h
|c 2005/12/7
|d c
|e dmitchel
|f 12:12:12 pm
|
| 994 |
|
|
|a C0
|b TXA
|
| 999 |
|
|
|a MARS
|
| 999 |
f |
f |
|s ee5e534b-96be-31f2-8e54-f250ed6b777c
|i cfae954c-3d32-3ede-959b-f1fb8db9b977
|t 0
|
| 952 |
f |
f |
|p normal
|a Texas A&M University
|b College Station
|c Sterling C. Evans Library
|d Evans: Library Stacks
|t 0
|e QC929.24 .D75 2005
|h Library of Congress classification
|i unmediated -- volume
|m A14833289135
|
| 998 |
f |
f |
|a QC929.24 .D75 2005
|t 0
|l Evans: Library Stacks
|